000 01041cam a2200289 a 4500
001 3907
005 20240523091252.0
020 _a9781402773198 (pbtrade pbk.)
040 _aDLC
_cDLC
_dDLC
_beng
050 0 0 _aPZ7.F22275
082 0 0 _a443
100 1 _aFarber, Erica.
245 1 2 _aA smelly story /
_cillustrated by Huck Scarry ; written by Erica Farber
260 _aNew York :
_bSterling ;
_c2011
300 _a24 pages :
_bcolor illustrations ;
_c24 cm.
490 0 _aRichard Scarry's great big schoolhouse
_vLevel 2
505 _aJ
520 _aWhen Huckle loses his watch in the garbage, he and his friends follow along as a truck puts the garbage on a boat, which then carries it to a dump.
521 _a480
_bLexile estimate
521 _aJ
_bRaz-Plus
650 1 _aLost and found possessions
_vFiction.
650 1 _aRefuse and refuse disposal
_vFiction.
650 1 _aAnimals
_vFiction.
700 1 _aScarry, Huck
_eillustrator
906 _a7
_bcbc
_corignew
_d1
_eecip
_f20
_gy-gencatlg
942 _2ddc
_cBK
_n0
999 _c3907
_d3907